FRANZ VE DEDEKTİFLİK HİKAYESİ (Record no. 1165866)
[ view plain ]
| 000 -LEADER | |
|---|---|
| sabit uzunluktaki kontrol alanı | 00287nam a2200097Ia 4500 |
| 001 - KONTROL NUMARASI | |
| kontrol alanı | 1165866 |
| 005 - EN SON İŞLEMİN TARİH VE ZAMANI | |
| kontrol alanı | 20250827011748.0 |
| 008 - SABİT-UZUNLUKTA VERİ ÖĞELERİ--GENEL BİLGİ | |
| sabit uzunluktaki kontrol alanı | 250824s9999 xx 000 0 und d |
| 245 #0 - ESER / YAZAR | |
| ESER ADI | FRANZ VE DEDEKTİFLİK HİKAYESİ |
| Yazar Adı | CHRİSTİNE NÖSTLİNGER |
| 260 ## - YAYIN, DAĞITIM, VB. | |
| YAYIN EVİ | GÜNIŞIĞI KİTAPLIĞI YAYINLARI |
| Düşüm durumu | Kayıp durumu | Hasar Durumu | Ödünç verilmez | Ana kütüphane | Geçerli Kütüphane | Edinilen tarih | Toplam ödünç verme sayısı | Barkod | Son görüntüleme tarihi | Son ödünç verme tarihi | Fiyatın geçerli olmaya başladığı tarih | Koha materyal türü |
|---|---|---|---|---|---|---|---|---|---|---|---|---|
| ŞÜKRİYE ONSUN İLKOKULU | ŞÜKRİYE ONSUN İLKOKULU | 24.08.2025 | 2 | 10155741 | 27.02.2026 | 13.02.2026 | 27.08.2025 | Books |